00534nam a2200181 a 45000010010000000030011000100080041000210350026000620820014000881000023001022450031001252600042001566500017001989420012002159520090002279980020003179990015003370000-8564ELIB.Books110520 1930  a(ELIB.Books)0000-8710 a232 bMac aMachen, J. Gresham aThe Virgin Birth of Christ bGrand Rapids: Baker Book House c1930 aJesus Christ 2ddccBK 00102ddc4070aKBTSbKBTSd2011-05-20l0p8156r2022-01-22 00:00:00w2022-01-22yBK cbate2011-05-20 c8564d8564